000 01992cam a22004694i 4500
003 PE-LiUPU
005 20250731173514.0
008 150616s r 000 0 d
035 _a(Sirsi) a7784
040 _aPE-LiUPU
_bspa
_cPE-LiUPU
_erda
049 _aPRUA
082 0 4 _a270.9
_bS29
_221
100 1 _aScott Latourette, Kenneth,
_eautor.
245 1 4 _aThe Nineteenth Century Outside Europe. The Americas, The Pacific, Asia and Africa.
_n3.
264 1 _aNew York :
_bHarper and Row,
_c1969.
300 _a527 páginas ;
_c21 cm.
336 _atext
_2rdacontent
337 _aunmediated
_2rdamedia
338 _avolume
_2rdacarrier
490 0 _aContempory evangelical Perspectives
504 _aBibliografía: páginas 497-514.
505 0 _aThe setting and the distinctive characteristics of the christianity which emerged.- Countering de-christianizing dtrends and winning peoples of non-christian ancestry.- Movements emerging from christianity.- Christianity and Education.- The response of christianity to intellectual currents.- The efect oof christianity on the united states of america.- The christianity of the united states of america and thhe world-wide spread of the faith.
526 _aSEG42
526 _aSEG41
526 _aSEG40
526 _aSEG39
526 _aP94
526 _aP87
526 _aP86
526 _aP85
526 _aP77
526 _aP76
526 _aP35
650 0 4 _aIGLESIA - HISTORIA - ESTADOS UNIDOS - CARACTERISTICAS.
910 _ajck
_bjvq
_cjck
942 _2ddc
_cBOOK
949 _a270.9 S29 3
_wDEWEY
_c1
_i41298
_lCCODEBUL1
_mBUL
_p00.00
_r0
_sY
_tBOOK
_u19960604
_xTEOLOGIA
_zUNKNOWN
_0COMPRA
_o.STAFF. Colección General
994 _aC0
_bPEPRU
596 _a1
999 _a270.9 S29 3
_wDEWEY
_c59065
_i41298
_f2021-11-11
_g5
_lCCODEBUL1
_mBUL
_r0
_sY
_tBOOK
_u2015-6-16
_xTEOLOGIA
_zUNKNOWN
_0COMPRA
_o.STAFF. Colección General
_d59065
980 _81
_gALBERTO SANCHEZ Responsable de Automatización